000 00899nam a2200229Ia 4500
005 20250108124750.0
008 008 250107s9999 xx 000 0 hin d
020 _a978-9-354-89403-9
037 _aTB
040 _aCRL
_bhin
_cCRL
041 _ahin
_2hin
084 _aΔ2:3 M4
084 _qCRL
100 _aपरमार, शुभ्रा, भगिनी निवेदिता कॉलेज, ले.
_9729749
245 0 _aनारीवादी सिद्धांत और व्यवहार
_cपरमार, शुभ्रा, भगिनी निवेदिता कॉलेज, ले.
260 _aदिल्ली, भारत
_bओरियंट ब्लैकस्वॉन
_c2097
300 _a279पृ0
365 _aINR
_b0
650 _aसमाजशास्त्र
942 _cTB
_hΔ2:3 M4
999 _c1234485
_d1234485